00492nam a2200193Ia 4500008004100000020001800041050001700059050001800076100002500094245002200119245004300141260001900184260002500203260000900228300001600237300002000253300001100273650001400284160319s9999 xx 000 0 und d a971-92651-1-6 aFIL QA 154.3 b.A24 2003 c.2 aAcelajado, Maxima J. aCollege algebra / cMaxima J. Acelajado, Felix M. Panopio. aBatangas City: bFeliber Pub. House., c2003 a257 pages : billustrations ; c25 cm. aAlgebra.